000 00511nam a2200181Ia 4500
003 GCL
008 140319s9999 xx 000 0 eng d
040 _aGCL /
_cGCL
082 0 4 _a005.3
_bM S
100 1 _aMOLLER, K.H.
245 1 0 _aSOFTWARE METRICS: A PRACTTITIONER GUIDE TO INPROVED PRODUCT DENELOPMENT /
_cMOLLER, K.H.
700 1 _aPAVLISH, D.J.
260 _a[S.N] :
_bCHAPMAN & HALL ،
_c1993
300 _a257
650 0 4 _aSOFTWARE ENGINEERING
650 0 4 _aSLTWARE PRDUETIVITY
942 _2ddc
_cBK
999 _c12328
_d12328